000 00326nam a2200145Ia 4500
005 20251222175930.0
008 251222s9999||||xx |||||||||||||| ||spa||
020 _a8496284913
082 _a843.914/L54
100 _aLevy , Marc
245 0 _aLa Próxima Vez
250 _a1ra.ed.
264 _bRocaeditorial
942 _cLIB
999 _c41013
_d41013